00322nam a2200133Ia 45000030006000000080041000060400015000471000024000622450033000862600034001193000006001535460012001590050017001710STCL150530s9999 xx 000 0 und d aSTCLcSTCL aNathaniel Hawthorne aHawthorne the scarlet letter bOxford University pressc1965 a0 aEnglish20220125171339.0